| 000 | 00867nam#a22002775a#4500 | ||
|---|---|---|---|
| 001 | 2014 | ||
| 245 | 1 | 0 |
_aXul Solar / _cVali Guidalevich ; editado por Cecilia Repetti. |
| 250 | _a1ª ed. 1ª reimp. | ||
| 260 |
_aBuenos Aires : _bAlbatros, _c2009. |
||
| 300 |
_a48 p. : _bfot. col., lams. ; _c25 cm. |
||
| 490 | 0 | _aArte para chicos | |
| 500 | _aIncorpora actividades en relación a la obras artísticas para trabajar junto a los niños. | ||
| 020 | _a9789502412795 | ||
| 100 | 1 | _aGuidalevich, Vali. | |
| 700 | 1 |
_aRepetti, Cecilia, _eeditor. _4edt |
|
| 080 | _a7(82) | ||
| 084 | _aG91 | ||
| 653 | _aArte argentino | ||
| 653 | _aSchulz Solari, Oscar Agustín Alejandro | ||
| 653 | _aHistoria del arte argentino | ||
| 040 |
_aAR-ClEAG _cAR-ClEAG |
||
| 008 | 120803s2009####ag#####b######001#0dspa#d | ||
| 005 | 20241107184730.0 | ||
| 003 | AR-ClEAG | ||
| 942 | _cBK | ||
| 999 |
_c2014 _d2014 |
||
| 980 |
_62 _aEvangelina Gallicchio _82 _gEvangelina Gallicchio |
||